[Event "I Open Lido Adriano"]
[Site "Ravenna ITA"]
[Date "2011.04.02"]
[Round "1"]
[White "Baisotti, Pablo"]
[Black "Ori, Marco"]
[Result "1/2-1/2"]
[WhiteElo "1617"]
[BlackElo "2126"]
[PlyCount "124"]
[EventDate "2011.04.02"]

1. e4 c6 2. Nc3 d5 3. d3 d4 4. Nce2 e5 5. f4 f6 6. Nf3 Bd6 7. fxe5 fxe5 8. Ng3
Nf6 9. Bg5 O-O 10. Be2 Qa5+ 11. c3 dxc3 12. Qb3+ Kh8 13. bxc3 Nbd7 14. O-O Nc5
15. Qc2 Ne6 16. Bd2 Qc5+ 17. Kh1 Ng4 18. h3 Ne3 19. Bxe3 Qxe3 20. Nf5 Rxf5 21.
exf5 Nf4 22. Ng1 Bxf5 23. Rf3 Qc5 24. Qb3 Be6 25. d4 exd4 26. cxd4 Qxd4 27. Rd1
Qe5 28. Qe3 Bd5 29. Qxe5 Bxe5 30. Rf2 Bxa2 31. Rdf1 Ng6 32. Ba6 Bd5 33. Bxb7
Rb8 34. Ba6 Kg8 35. Rc2 Rb2 36. Rxb2 Bxb2 37. Rb1 Bd4 38. Bb7 Nf4 39. Nf3 Bb6
40. Rc1 Nd3 41. Rc3 Nc5 42. Ba8 Ne4 43. Rc2 Nf2+ 44. Kh2 Bc7+ 45. Kg1 Nxh3+ 46.
gxh3 Bxf3 47. Bxc6 Bxc6 48. Rxc6 Bf4 49. Kg2 a5 50. Kf3 Bd2 51. Ra6 Bc3 52. Kg4
Kf7 53. h4 Ke7 54. h5 h6 55. Kf5 Kd7 56. Ke4 Kc7 57. Kd5 Kb7 58. Rc6 Bf6 59.
Kc5 Be7+ 60. Kb5 a4 61. Rg6 Bf6 62. Kxa4 Kc6 1/2-1/2

[Event "I Open Lido Adriano"]
[Site "Ravenna ITA"]
[Date "2011.04.02"]
[Round "1"]
[White "Grahn, Lars"]
[Black "Ghinassi, Damiano"]
[Result "1-0"]
[WhiteElo "2100"]
[BlackElo "1572"]
[PlyCount "87"]
[EventDate "2011.04.02"]

1. d4 e6 2. c4 Nf6 3. Nc3 Bb4 4. Nf3 b6 5. g3 Bb7 6. Bg2 Bxc3+ 7. bxc3 d6 8.
O-O Nbd7 9. Ne1 Bxg2 10. Nxg2 O-O 11. Qd3 d5 12. a4 c5 13. Bf4 dxc4 14. Qxc4
Rc8 15. Qa6 Nd5 16. Bd6 Nb8 17. Bxb8 Rxb8 18. Rfc1 Qc8 19. Qd3 Qc6 20. Qb5 Rfc8
21. e4 Nf6 22. f3 Qb7 23. Ne3 cxd4 24. cxd4 Rxc1+ 25. Rxc1 Rc8 26. Rc4 Rd8 27.
a5 g6 28. Rb4 Qc7 29. Rc4 Qb7 30. Qg5 Qe7 31. Ng4 Nd5 32. Qh6 Nf6 33. Qh4 Kg7
34. Qh6+ Kg8 35. Qg5 Nd5 36. Qc1 b5 37. Rc5 Nf6 38. Rc7 Nd7 39. e5 h5 40. Nf6+
Kg7 41. Rxa7 Qb4 42. Qf4 Nxe5 43. Qxe5 Rxd4 44. Nd5+ 1-0

[Event "I Open Lido Adriano"]
[Site "Ravenna ITA"]
[Date "2011.04.02"]
[Round "1"]
[White "Hocevar, Nikola"]
[Black "Daniele, Fabio"]
[Result "1-0"]
[WhiteElo "2048"]
[BlackElo "1443"]
[PlyCount "75"]
[EventDate "2011.04.02"]

1. c4 e6 2. d4 Nf6 3. e3 b6 4. Nf3 Bb7 5. Nc3 Bb4 6. Bd2 d6 7. b3 Nbd7 8. a3
Bxc3 9. Bxc3 O-O 10. Bd3 c5 11. O-O Qc7 12. Qe2 Rfe8 13. e4 h6 14. Rfe1 a6 15.
e5 dxe5 16. dxe5 Nh7 17. Be4 Bxe4 18. Qxe4 Rab8 19. Rac1 Ndf8 20. h4 Qe7 21.
Red1 Red8 22. Qc6 g5 23. h5 g4 24. Nh2 Qg5 25. Qe4 g3 26. fxg3 Qxg3 27. Qg4+
Qxg4 28. Nxg4 Ng5 29. Nxh6+ Kg7 30. Ng4 Nfh7 31. Be1 Ne4 32. Bh4 Rd2 33. Rxd2
Nxd2 34. Rc3 b5 35. Be1 Rd8 36. Bxd2 Rxd2 37. cxb5 axb5 38. Rxc5 1-0

[Event "I Open Lido Adriano"]
[Site "Ravenna ITA"]
[Date "2011.04.02"]
[Round "1"]
[White "Mkrtchyan, Albert"]
[Black "Molina, Fabrizio"]
[Result "0-1"]
[WhiteElo "1821"]
[BlackElo "2220"]
[PlyCount "98"]
[EventDate "2011.04.02"]

1. c4 c6 2. Nc3 d5 3. cxd5 cxd5 4. d4 e5 5. e3 e4 6. Bb5+ Bd7 7. Bxd7+ Qxd7 8.
Nge2 f5 9. Nf4 Nf6 10. Qb3 Nc6 11. Ncxd5 Nxd5 12. Qxd5 Bd6 13. Qe6+ Qxe6 14.
Nxe6 Kf7 15. Nc5 Bxc5 16. dxc5 Nb4 17. Ke2 Nd3 18. Bd2 Nxc5 19. Rac1 Rac8 20.
Bb4 Nd3 21. Rxc8 Rxc8 22. Bc3 Nxb2 23. Rb1 Rxc3 24. Rxb2 b6 25. g3 Ke7 26. Rd2
Rc6 27. Kf1 Rd6 28. Rc2 Kd7 29. Ke1 g6 30. h4 Rd5 31. Ke2 b5 32. Rc3 a5 33. Rc2
b4 34. Rb2 Kc6 35. Rc2+ Kb5 36. Rb2 Ka4 37. Rc2 Ka3 38. Ke1 a4 39. Ke2 Rd3 40.
Ke1 b3 41. axb3 axb3 42. Rc7 b2 43. Rb7 Rb3 44. Ra7+ Kb4 45. Rb7+ Kc4 46. Rc7+
Kd5 47. Rd7+ Ke6 48. Rd1 b1=Q 49. Rxb1 Rxb1+ 0-1

[Event "I Open Lido Adriano"]
[Site "Ravenna ITA"]
[Date "2011.04.02"]
[Round "1"]
[White "Pinho, Paulo"]
[Black "Thonig, Manfred"]
[Result "1-0"]
[WhiteElo "2162"]
[BlackElo "1664"]
[PlyCount "71"]
[EventDate "2011.04.02"]

1. d4 e6 2. c4 f5 3. g3 Nf6 4. Bg2 Bb4+ 5. Nd2 d5 6. Ngf3 Ne4 7. O-O O-O 8. Qc2
Nc6 9. e3 a5 10. b3 Be7 11. Bb2 Nb4 12. Qb1 b6 13. Rd1 Bb7 14. Ne5 Bg5 15. Ndf3
Bf6 16. a3 Nc6 17. Qc2 Nxe5 18. dxe5 Be7 19. Nd4 Qc8 20. cxd5 Bxd5 21. Nxf5
Rxf5 22. Bxe4 Bxe4 23. Qxe4 Qf8 24. f4 Bc5 25. Kg2 Ra7 26. Rd7 Be7 27. Qc6 Rf7
28. Qxe6 Qa8+ 29. Kf2 c5 30. Rad1 Rxd7 31. Rxd7 Qe4 32. Rxe7 Qc2+ 33. Kf3 Qd1+
34. Ke4 Qc2+ 35. Kd5 Qxb3+ 36. Kc6 1-0

[Event "I Open Lido Adriano"]
[Site "Ravenna ITA"]
[Date "2011.04.02"]
[Round "1"]
[White "Piscopo, Pierluigi"]
[Black "Daly, Patrick"]
[Result "1-0"]
[WhiteElo "2420"]
[BlackElo "1839"]
[PlyCount "43"]
[EventDate "2011.04.02"]

1. e4 e6 2. Qe2 b6 3. Nf3 Bc5 4. g3 Nf6 5. Bg2 Nc6 6. O-O Bb7 7. e5 Ng4 8. d4
Nxd4 9. Nxd4 Bxg2 10. Kxg2 Bxd4 11. Qxg4 Bxe5 12. Re1 h5 13. Qf3 Bf6 14. h4 c6
15. c4 g5 16. hxg5 Bxg5 17. Nc3 Be7 18. Bf4 h4 19. Rad1 hxg3 20. fxg3 Rg8 21.
Rxe6 dxe6 22. Qxc6+ 1-0

[Event "I Open Lido Adriano"]
[Site "Ravenna ITA"]
[Date "2011.04.03"]
[Round "2"]
[White "Basso, Pier Luigi"]
[Black "Baisotti, Pablo"]
[Result "1-0"]
[WhiteElo "1996"]
[BlackElo "1617"]
[PlyCount "47"]
[EventDate "2011.04.02"]

1. e4 c6 2. d4 d5 3. f3 dxe4 4. fxe4 e5 5. Nf3 exd4 6. Bc4 Bb4+ 7. c3 dxc3 8.
Bxf7+ Ke7 9. Qb3 Qb6 10. bxc3 Bc5 11. Bxg8 Qxb3 12. Bxb3 Re8 13. Rf1 h6 14. Bf4
Nd7 15. e5 b6 16. Nbd2 Ba6 17. Nc4 Nf8 18. O-O-O Ne6 19. Bg3 b5 20. Nh4 Rf8 21.
Ng6+ Ke8 22. Nd6+ Bxd6 23. exd6 Ng5 24. d7+ 1-0

[Event "I Open Lido Adriano"]
[Site "Ravenna ITA"]
[Date "2011.04.03"]
[Round "2"]
[White "Daniele, Fabio"]
[Black "Frederiksen, Jens"]
[Result "0-1"]
[WhiteElo "1443"]
[BlackElo "1845"]
[PlyCount "138"]
[EventDate "2011.04.02"]

1. e4 e5 2. Nf3 Nc6 3. Bb5 a6 4. Bxc6 dxc6 5. d3 f6 6. h3 Bc5 7. Be3 Qd6 8. O-O
Be6 9. Nc3 Ne7 10. Ne2 g5 11. Nh2 h5 12. Ng3 h4 13. Bxc5 Qxc5 14. Nh5 Rf8 15.
Ng7+ Kf7 16. Nxe6 Kxe6 17. Qg4+ Kd6 18. c3 Qb5 19. b4 c5 20. bxc5+ Qxc5 21. d4
exd4 22. cxd4 Qa5 23. e5+ fxe5 24. dxe5+ Qxe5 25. Rad1+ Nd5 26. Rfe1 Qf5 27.
Qb4+ Kc6 28. Rc1+ Kd7 29. Qa4+ c6 30. Nf3 Rae8 31. Red1 Kc8 32. Qc4 Rd8 33. Re1
Rfe8 34. Red1 Nb6 35. Rxd8+ Rxd8 36. Qg4 Qxg4 37. hxg4 Rd5 38. Rc2 Kc7 39. Kf1
Na4 40. a3 Nc5 41. Re2 Rd1+ 42. Ne1 b5 43. Re7+ Kd6 44. Rg7 Ne4 45. Ke2 Nc3+
46. Kf1 Rd5 47. Nc2 a5 48. f3 Rd1+ 49. Ne1 Rd5 50. Nc2 Kc5 51. Ra7 Kb6 52. Re7
Na2 53. Re3 b4 54. axb4 axb4 55. Rb3 c5 56. Rb2 Nc3 57. Nxb4 cxb4 58. Rxb4+ Kc5
59. Rb8 Kd4 60. Kf2 Kd3 61. Rb4 Re5 62. Kf1 Nd5 63. Rb3+ Kc4 64. Rb8 Nf4 65.
Rb2 Kc3 66. Rb7 Kd2 67. Rb2+ Ke3 68. Rb3+ Nd3 69. Rxd3+ Kxd3 0-1

[Event "I Open Lido Adriano"]
[Site "Ravenna ITA"]
[Date "2011.04.02"]
[Round "2"]
[White "Di Lascio, Savino"]
[Black "Mkrtchyan, Albert"]
[Result "1-0"]
[WhiteElo "1974"]
[BlackElo "1821"]
[PlyCount "87"]
[EventDate "2011.04.02"]

1. e4 c5 2. Nf3 Nc6 3. g3 g6 4. Bg2 Bg7 5. O-O e6 6. c3 d5 7. exd5 exd5 8. d4
cxd4 9. Nxd4 Nxd4 10. cxd4 Be6 11. Qb3 Qd7 12. Re1 Ne7 13. Bg5 Nc6 14. Qxd5
Qxd5 15. Bxd5 Nxd4 16. Na3 O-O 17. Bg2 Nc6 18. Nb5 Nb4 19. Nc7 Rac8 20. Nxe6
fxe6 21. Be7 Nc2 22. Bxf8 Kxf8 23. Rac1 Bxb2 24. Be4 Bxc1 25. Rxc1 Rc4 26. Bd3
Rc3 27. Bxc2 b5 28. Kf1 a5 29. Ke1 Ke7 30. Kd2 Rf3 31. Rf1 Kd6 32. Bd3 Kc5 33.
Ke2 Rf7 34. Rb1 b4 35. Ke3 Rd7 36. h4 Rd4 37. Rc1+ Kd5 38. Rc7 Rg4 39. Rxh7 a4
40. Rg7 a3 41. Bc2 Kc4 42. Rc7+ Kd5 43. Kf3 Rc4 44. Bb3 1-0

[Event "I Open Lido Adriano"]
[Site "Ravenna ITA"]
[Date "2011.04.03"]
[Round "2"]
[White "Ghinassi, Damiano"]
[Black "Mentink, Toon"]
[Result "1-0"]
[WhiteElo "1572"]
[BlackElo "1857"]
[PlyCount "71"]
[EventDate "2011.04.02"]

1. f4 Nf6 2. Nf3 g6 3. e3 Bg7 4. d4 d5 5. c4 e6 6. Nc3 O-O 7. Bd3 Nbd7 8. b4 a5
9. b5 c5 10. bxc6 bxc6 11. c5 Ba6 12. Bxa6 Rxa6 13. Qd3 Qa8 14. O-O a4 15. Bd2
a3 16. Rab1 Ra7 17. Rb3 Rb8 18. Rfb1 Rab7 19. Qc2 Rxb3 20. Rxb3 Rxb3 21. Qxb3
Qa6 22. Bc1 Ne4 23. Nxe4 dxe4 24. Nd2 Qe2 25. Nf1 e5 26. fxe5 Bxe5 27. Qxa3 Qe1
28. dxe5 Nxe5 29. Qa8+ Kg7 30. Bb2 f6 31. Bxe5 fxe5 32. Qxc6 Qb1 33. Qd7+ Kf6
34. c6 Qb5 35. Qd8+ Kf5 36. c7 1-0

[Event "I Open Lido Adriano"]
[Site "Ravenna ITA"]
[Date "2011.04.04"]
[Round "3"]
[White "Antoniacci, Riccardo"]
[Black "Valenta, Vit jr"]
[Result "0-1"]
[WhiteElo "1912"]
[BlackElo "2181"]
[PlyCount "80"]
[EventDate "2011.04.02"]

1. e4 c5 2. Nf3 e6 3. d3 Nc6 4. g3 g6 5. Bg2 Bg7 6. O-O Nge7 7. c3 O-O 8. Be3
b6 9. Qc2 Ba6 10. Rd1 d5 11. Na3 Rc8 12. Qa4 Bb7 13. Rac1 a6 14. exd5 Nxd5 15.
Qh4 Nxe3 16. fxe3 Qxh4 17. Nxh4 e5 18. Nc4 Rb8 19. Nxb6 Rfd8 20. Na4 Bf8 21. b3
f5 22. Nf3 Bh6 23. Kf2 Bf8 24. Ng5 e4 25. d4 cxd4 26. cxd4 Nb4 27. Bf1 Bd5 28.
Bc4 Bxc4 29. Rxc4 Rdc8 30. Rd2 Rxc4 31. bxc4 Nd3+ 32. Ke2 Rb4 33. Nc5 Bxc5 34.
dxc5 Rxc4 35. Ne6 Rc1 36. Rxd3 exd3+ 37. Kxd3 Kf7 38. Kd2 Ra1 39. c6 Kxe6 40.
c7 Kd7 0-1

[Event "I Open Lido Adriano"]
[Site "Ravenna ITA"]
[Date "2011.04.04"]
[Round "3"]
[White "Baisotti, Pablo"]
[Black "O'Leary, Matt"]
[Result "1-0"]
[WhiteElo "1617"]
[BlackElo "1995"]
[PlyCount "97"]
[EventDate "2011.04.02"]

1. e4 c5 2. Nc3 Nc6 3. g3 g6 4. Bg2 Bg7 5. d3 d6 6. h3 Nf6 7. Be3 Bd7 8. Qd2 h5
9. Nge2 e5 10. Bg5 Qa5 11. Bxf6 Bxf6 12. Nd5 Qxd2+ 13. Kxd2 Bd8 14. f4 Ba5+ 15.
c3 O-O-O 16. a3 Rdf8 17. b4 Bd8 18. Ne3 Be6 19. Rhc1 g5 20. f5 Bd7 21. Nc4 Bc7
22. Rab1 Ne7 23. d4 b5 24. Ne3 c4 25. a4 a6 26. axb5 axb5 27. Ra1 Kb7 28. Ra2
Ra8 29. Rca1 Rxa2+ 30. Rxa2 Bb6 31. Ra1 Bc6 32. Kc2 Rd8 33. f6 Ng6 34. Rf1 h4
35. Rf5 exd4 36. Nxd4 Bxd4 37. cxd4 hxg3 38. Rxg5 Nf4 39. d5 Bd7 40. Rxg3 Rh8
41. Rg7 Nxg2 42. Nxg2 Rxh3 43. Rxf7 Kc7 44. Rg7 Rf3 45. f7 Kd8 46. Nh4 Rf2+ 47.
Kc3 Rf6 48. Ng6 Rf3+ 49. Kd2 1-0

[Event "I Open Lido Adriano"]
[Site "Ravenna ITA"]
[Date "2011.04.04"]
[Round "3"]
[White "Boros, Denes"]
[Black "Basso, Pier Luigi"]
[Result "1/2-1/2"]
[WhiteElo "2513"]
[BlackElo "1996"]
[PlyCount "85"]
[EventDate "2011.04.02"]

1. e4 c5 2. Nf3 Nc6 3. d4 cxd4 4. Nxd4 Nf6 5. Nc3 d6 6. Bg5 Bd7 7. Qd2 Rc8 8.
O-O-O Nxd4 9. Qxd4 Qa5 10. Bd2 Qc5 11. Qxc5 dxc5 12. Bf4 g6 13. Bc4 Bg7 14. e5
Nh5 15. Be3 Bc6 16. g4 Bxh1 17. Rxh1 Bxe5 18. Bb5+ Kf8 19. gxh5 gxh5 20. Re1
Rg8 21. Ne4 a6 22. Bc4 Rg2 23. Ng3 Rxh2 24. Nf5 Rc6 25. Rd1 Bd4 26. Bg5 Rxf2
27. Nxd4 cxd4 28. Rxd4 Rd6 29. Re4 e6 30. Bd3 Rd5 31. Be3 Rh2 32. Rc4 h4 33.
Bh6+ Ke7 34. Rc7+ Kf6 35. b4 h3 36. Be4 Rd4 37. Bxb7 Rxb4 38. Bd2 Ra4 39. Rc3
Rxa2 40. Rg3 Ra1+ 41. Kb2 Rxd2 42. Kxa1 Rxc2 43. Rf3+ 1/2-1/2

[Event "I Open Lido Adriano"]
[Site "Ravenna ITA"]
[Date "2011.04.04"]
[Round "3"]
[White "Casadei, Mauro"]
[Black "Ledent, Philippe"]
[Result "1-0"]
[WhiteElo "2177"]
[BlackElo "1865"]
[PlyCount "57"]
[EventDate "2011.04.02"]

1. c4 Nf6 2. g3 c6 3. Bg2 d5 4. Nf3 dxc4 5. Qc2 Be6 6. Ng5 Bd5 7. e4 h6 8. exd5
hxg5 9. dxc6 Nxc6 10. Qxc4 Rc8 11. Qa4 Qd7 12. O-O Nd4 13. Qxd7+ Nxd7 14. Nc3
b6 15. d3 g4 16. Be3 Nf3+ 17. Bxf3 gxf3 18. Rac1 Ne5 19. Nb5 Rxc1 20. Rxc1 Nxd3
21. Rd1 a6 22. Nc7+ Kd7 23. Nxa6 Kc6 24. Rxd3 e5 25. Nb8+ Kc7 26. Nd7 e4 27.
Bf4+ Kc6 28. Ne5+ Kb7 29. Rd8 1-0

[Event "I Open Lido Adriano"]
[Site "Ravenna ITA"]
[Date "2011.04.04"]
[Round "3"]
[White "De Groof, Maurice"]
[Black "De Caro, Nicola"]
[Result "1/2-1/2"]
[WhiteElo "1830"]
[BlackElo "1815"]
[PlyCount "79"]
[EventDate "2011.04.02"]

1. e4 d6 2. d4 g6 3. f4 Bg7 4. Nf3 e6 5. Be2 Nd7 6. O-O Ne7 7. c3 b6 8. Be3 Bb7
9. Nbd2 a6 10. Qc2 O-O 11. Rad1 h6 12. e5 Nd5 13. Qd3 Nxe3 14. Qxe3 d5 15. Bd3
c5 16. Qf2 cxd4 17. cxd4 Qe7 18. Qg3 a5 19. a3 Ba6 20. Bxa6 Rxa6 21. Rc1 Ra7
22. Rc2 b5 23. Rfc1 Nb6 24. Ne1 Nc4 25. Nb1 Rb8 26. Nd3 Bf8 27. Nd2 Qd8 28. Nb3
b4 29. a4 Qe8 30. Nbc5 b3 31. Re2 Nb6 32. Rc3 Nxa4 33. Rxb3 Rxb3 34. Nxb3 Qb5
35. Nbc1 Rc7 36. Qf2 Qb6 37. g3 Qa7 38. Kg2 Nb6 39. Nb3 Rc4 40. Nbc5 1/2-1/2

[Event "I Open Lido Adriano"]
[Site "Ravenna ITA"]
[Date "2011.04.04"]
[Round "3"]
[White "Egan, Colm"]
[Black "Djingarova, Emilia"]
[Result "0-1"]
[WhiteElo "1996"]
[BlackElo "2349"]
[PlyCount "96"]
[EventDate "2011.04.02"]

1. d4 Nf6 2. Nf3 e6 3. Bf4 b6 4. e3 Bb7 5. Nbd2 d6 6. Bd3 Nh5 7. Bg3 Nd7 8. c4
Nxg3 9. hxg3 g6 10. Qc2 Bg7 11. g4 Qe7 12. O-O-O O-O-O 13. b4 c5 14. bxc5 dxc5
15. Nb3 Kb8 16. Be4 f5 17. Bxb7 Kxb7 18. gxf5 exf5 19. Kb1 Rc8 20. d5 h6 21.
Rhe1 Rhe8 22. Nfd2 Qf6 23. f4 Kb8 24. g3 g5 25. Nf1 Re4 26. Nfd2 Re7 27. a3
Rce8 28. Nf1 Re4 29. Re2 gxf4 30. gxf4 h5 31. Ka2 h4 32. Nbd2 Rxf4 33. Rh2 Rg4
34. Nf3 Bh6 35. Qa4 Qe7 36. Qc6 Bg7 37. d6 Qd8 38. Nxh4 Ne5 39. Qc7+ Qxc7 40.
dxc7+ Kxc7 41. Nxf5 Nxc4 42. Nxg7 Rxg7 43. Re2 Rge7 44. Rde1 Re4 45. Kb3 b5 46.
a4 Na5+ 47. Kc3 Rc4+ 48. Kd3 Rd8# 0-1

[Event "I Open Lido Adriano"]
[Site "Ravenna ITA"]
[Date "2011.04.04"]
[Round "3"]
[White "Frederiksen, Jens"]
[Black "Friedrich, Gerhard"]
[Result "1/2-1/2"]
[WhiteElo "1845"]
[BlackElo "2054"]
[PlyCount "46"]
[EventDate "2011.04.02"]

1. e4 c5 2. Bc4 e6 3. Nc3 Nc6 4. f4 Na5 5. Qe2 d6 6. Nf3 a6 7. a4 Nxc4 8. Qxc4
Nf6 9. O-O Be7 10. Qe2 O-O 11. d3 b6 12. e5 dxe5 13. fxe5 Nd5 14. Ne4 Bb7 15.
Bd2 Qd7 16. Bg5 Bxg5 17. Nfxg5 h6 18. Qh5 Ne3 19. Nf6+ gxf6 20. Qxh6 fxg5 21.
Qxg5+ Kh7 22. Qh5+ Kg7 23. Qg5+ Kh7 1/2-1/2

[Event "I Open Lido Adriano"]
[Site "Ravenna ITA"]
[Date "2011.04.04"]
[Round "3"]
[White "Gabbriellini, Gianfranco"]
[Black "Van Melsen, Raymond"]
[Result "1-0"]
[WhiteElo "1698"]
[BlackElo "1830"]
[PlyCount "59"]
[EventDate "2011.04.02"]

1. d4 Nf6 2. Nf3 e6 3. Bf4 Be7 4. Nbd2 d6 5. e4 Nbd7 6. e5 Nd5 7. Bg3 O-O 8.
Ne4 f5 9. exf6 N7xf6 10. Bd3 Nxe4 11. Bxe4 Nf6 12. Bd3 a6 13. O-O Nh5 14. Nd2
Nxg3 15. fxg3 Rxf1+ 16. Qxf1 Bd7 17. Qf3 g6 18. Rf1 Be8 19. b3 c6 20. Ne4 d5
21. Ng5 Qd7 22. h4 Qd6 23. Nf7 Qb4 24. Qf4 Bf8 25. h5 Qe7 26. hxg6 h6 27. Nxh6+
Kg7 28. Nf7 Bxf7 29. Qe5+ Kh6 30. Qh8+ 1-0

[Event "I Open Lido Adriano"]
[Site "Ravenna ITA"]
[Date "2011.04.04"]
[Round "3"]
[White "Gillespie, Gary"]
[Black "Valenta, Vit sr"]
[Result "0-1"]
[WhiteElo "1876"]
[BlackElo "2165"]
[PlyCount "142"]
[EventDate "2011.04.02"]

1. e4 e5 2. Bc4 Nc6 3. Nc3 Nf6 4. d3 d6 5. f4 Be6 6. f5 Bxc4 7. dxc4 Nd4 8. Bg5
Be7 9. Bxf6 Bxf6 10. Nd5 O-O 11. c3 Nc6 12. Nf3 Bh4+ 13. g3 Be7 14. Qe2 Nb8 15.
O-O-O Nd7 16. Kb1 Nf6 17. Nxe5 Nxd5 18. Rxd5 Bf6 19. Ng4 Qe7 20. Nxf6+ Qxf6 21.
g4 Rfe8 22. Re1 Re5 23. Rxe5 Qxe5 24. h4 Re8 25. g5 Qf4 26. Qh5 Rxe4 27. Rxe4
Qxe4+ 28. Kc1 Qxf5 29. Qe2 Qf4+ 30. Kc2 Kf8 31. Qh5 Qe4+ 32. Kb3 Ke7 33. g6
hxg6 34. Qb5 Qc6 35. Qg5+ Ke8 36. h5 Qb6+ 37. Kc2 Qc5 38. h6 Qxg5 39. hxg7 Qg2+
40. Kb3 Qc6 41. g8=Q+ Ke7 42. Qh7 Qb6+ 43. Ka3 Qa5+ 44. Kb3 b5 45. cxb5 Qxb5+
46. Ka3 Qc4 47. Qh3 Qc5+ 48. b4 Qe5 49. Qh4+ Kf8 50. Qd8+ Qe8 51. Qxc7 Qe7 52.
Qc4 g5 53. Kb2 Kg7 54. a4 f5 55. b5 f4 56. a5 f3 57. Qd4+ Kh6 58. Qh8+ Kg6 59.
Qg8+ Kh5 60. Qh8+ Kg4 61. Qd4+ Kg3 62. Qg1+ Kf4 63. Qd4+ Kg3 64. Qg1+ Kh3 65.
Qh1+ Kg4 66. Qg1+ Kf5 67. b6 Qe2+ 68. Ka3 axb6 69. axb6 f2 70. Qb1+ Kf6 71. Qb4
f1=Q 0-1

[Event "I Open Lido Adriano"]
[Site "Ravenna ITA"]
[Date "2011.04.04"]
[Round "3"]
[White "Grahn, Lars"]
[Black "Murray, Jim G."]
[Result "1-0"]
[WhiteElo "2100"]
[BlackElo "1856"]
[PlyCount "85"]
[EventDate "2011.04.02"]

1. f4 e5 2. fxe5 d6 3. Nf3 dxe5 4. Nc3 Nc6 5. e4 Bd6 6. Bb5 Bd7 7. d3 Nd4 8.
Bxd7+ Qxd7 9. Be3 O-O-O 10. Nxd4 exd4 11. Bxd4 Bg3+ 12. hxg3 Qxd4 13. Qg4+ Kb8
14. O-O-O Ne7 15. Rdf1 Ng6 16. Kb1 a6 17. Rh5 f6 18. Rfh1 Qd7 19. Qxd7 Rxd7 20.
Rxh7 Rhd8 21. Nd5 c6 22. Ne3 Nf8 23. Rh8 Kc7 24. Rg8 Rf7 25. Rhh8 Ne6 26. Rxd8
Nxd8 27. Rh7 Ne6 28. Nf5 Rd7 29. Kc1 Kd8 30. Kd2 Ke8 31. Ke3 Kf7 32. c3 Kg8 33.
Rh1 c5 34. Nh4 Kf7 35. Nf3 Kg6 36. a4 b6 37. Rh8 Nd8 38. d4 cxd4+ 39. cxd4 Kf7
40. d5 Ke7 41. Nd4 Kd6 42. Rg8 Kc5 43. Rxd8 1-0

[Event "I Open Lido Adriano"]
[Site "Ravenna ITA"]
[Date "2011.04.04"]
[Round "3"]
[White "Hasangatin, Ramil"]
[Black "Delchev, Aleksander"]
[Result "1/2-1/2"]
[WhiteElo "2494"]
[BlackElo "2625"]
[PlyCount "48"]
[EventDate "2011.04.02"]

1. e4 e5 2. Nf3 Nc6 3. Bb5 a6 4. Bxc6 dxc6 5. Nc3 f6 6. d4 Bb4 7. Qd2 exd4 8.
Nxd4 Nh6 9. f3 Nf7 10. Qf2 Ne5 11. Nde2 O-O 12. O-O Qe7 13. Qg3 Nc4 14. Kh1 a5
15. b3 Na3 16. Bf4 Rf7 17. Rac1 f5 18. Bg5 Qe8 19. Rfd1 Be6 20. Bf4 Rc8 21. Be5
Re7 22. Bf6 Rf7 23. Be5 Re7 24. Bf6 Rf7 1/2-1/2

[Event "I Open Lido Adriano"]
[Site "Ravenna ITA"]
[Date "2011.04.04"]
[Round "3"]
[White "Hocevar, Nikola"]
[Black "Ghinassi, Damiano"]
[Result "1-0"]
[WhiteElo "2048"]
[BlackElo "1572"]
[PlyCount "81"]
[EventDate "2011.04.02"]

1. c4 e6 2. d4 Nf6 3. a3 b6 4. Nc3 Bb7 5. e3 Be7 6. Nf3 O-O 7. Bd3 d6 8. O-O
Nbd7 9. e4 e5 10. d5 a5 11. h3 Re8 12. Bc2 Nc5 13. Be3 Na6 14. Nd2 Nd7 15. Rb1
Bg5 16. Qe2 g6 17. b4 axb4 18. axb4 Rf8 19. Nf3 Bxe3 20. Qxe3 f5 21. exf5 gxf5
22. Qg5+ Qxg5 23. Nxg5 Rac8 24. g4 c6 25. Bxf5 Rxf5 26. gxf5 cxd5 27. Nxd5 Rxc4
28. Ne3 Rh4 29. Kh2 Rxb4 30. Rbd1 Nac5 31. Rxd6 Rb2 32. Kg1 b5 33. Rfd1 Nf8 34.
Ne6 Ne4 35. Rd8 Kf7 36. Nxf8 Bc6 37. Ne6 Nxf2 38. R1d2 Nxh3+ 39. Kh2 Rxd2+ 40.
Rxd2 Nf4 41. Nd8+ 1-0

[Event "I Open Lido Adriano"]
[Site "Ravenna ITA"]
[Date "2011.04.04"]
[Round "3"]
[White "Hoenick, Andreas"]
[Black "Korhonen, Erkki"]
[Result "1-0"]
[WhiteElo "2210"]
[BlackElo "1944"]
[PlyCount "97"]
[EventDate "2011.04.02"]

1. d4 d5 2. c4 c6 3. Nf3 Nf6 4. e3 e6 5. b3 Bb4+ 6. Nbd2 Ne4 7. Bd3 f5 8. O-O
Nd7 9. Bb2 O-O 10. a3 Bd6 11. Qc2 Qf6 12. Rfd1 Ng5 13. Nxg5 Qxg5 14. b4 Nf6 15.
b5 Bd7 16. f4 Qh6 17. a4 Ng4 18. Nf1 g5 19. g3 Rac8 20. Qb3 Rf7 21. Ba3 Bb8 22.
Kg2 Rg7 23. Bc1 Kh8 24. h3 Nf6 25. fxg5 Qxg5 26. e4 f4 27. e5 Nh5 28. g4 Rcg8
29. Be2 Qh4 30. Qf3 Rf7 31. Ra3 Ng7 32. Qf2 Qe7 33. Kh1 a6 34. bxa6 bxa6 35. c5
a5 36. Rf3 h5 37. Nh2 hxg4 38. hxg4 Rgf8 39. Bxf4 Kg8 40. Rf1 Bc7 41. Qe3 Bd8
42. Bd3 Ne8 43. g5 Rg7 44. g6 Nc7 45. Bh6 Rxf3 46. Qxf3 Be8 47. Bxg7 Qxg7 48.
Qh5 Be7 49. Ng4 1-0

[Event "I Open Lido Adriano"]
[Site "Ravenna ITA"]
[Date "2011.04.04"]
[Round "3"]
[White "Kraidman, Yair"]
[Black "Litrico, Paolo"]
[Result "1-0"]
[WhiteElo "2258"]
[BlackElo "1963"]
[PlyCount "115"]
[EventDate "2011.04.02"]

1. d4 f5 2. c4 Nf6 3. Nf3 g6 4. g3 Bg7 5. Bg2 O-O 6. O-O d6 7. Nc3 Nc6 8. d5
Na5 9. Nd2 Ng4 10. Qc2 Ne5 11. b3 c5 12. Bb2 a6 13. h3 f4 14. Nf3 Bf5 15. Qd2
Nxf3+ 16. exf3 fxg3 17. fxg3 Qe8 18. Nd1 Bxb2 19. Nxb2 b6 20. Rae1 Rf7 21. Re3
Qf8 22. g4 Bd7 23. Rfe1 Re8 24. Re4 Nb7 25. Nd3 b5 26. a3 a5 27. cxb5 Bxb5 28.
Nb2 Qg7 29. a4 Bd7 30. Nc4 Ra8 31. Qe2 Re8 32. Nb6 Bc8 33. Qa6 e5 34. dxe6 Rfe7
35. Nxc8 Rxc8 36. f4 Rf8 37. Rc4 Rd8 38. f5 d5 39. Rf4 Qc3 40. Qf1 Qf6 41. fxg6
Qxg6 42. Rf6 Qg7 43. Qf4 d4 44. Rf7 Rxf7 45. exf7+ Qxf7 46. Qxf7+ Kxf7 47. Bxb7
d3 48. Rd1 d2 49. Ba6 Kg6 50. Kf2 Kg5 51. Kg3 Rd4 52. h4+ Kf6 53. Be2 h6 54.
Kf3 Ke5 55. Ke3 h5 56. gxh5 Rxh4 57. Rxd2 Rh3+ 58. Bf3 1-0

[Event "I Open Lido Adriano"]
[Site "Ravenna ITA"]
[Date "2011.04.04"]
[Round "3"]
[White "Lynch, Peter J."]
[Black "Moore, Robin"]
[Result "1/2-1/2"]
[WhiteElo "1721"]
[BlackElo "1837"]
[PlyCount "30"]
[EventDate "2011.04.02"]

1. e4 c5 2. Nf3 Nc6 3. d4 cxd4 4. Nxd4 Nf6 5. Nc3 g6 6. Be3 Bg7 7. Be2 d6 8.
O-O Bd7 9. f4 O-O 10. Nb3 Rc8 11. Kh1 a6 12. Qd2 Ng4 13. Bg1 b5 14. h3 Nh6 15.
Nd4 b4 1/2-1/2

[Event "I Open Lido Adriano"]
[Site "Ravenna ITA"]
[Date "2011.04.04"]
[Round "3"]
[White "Mentink, Toon"]
[Black "Thonig, Manfred"]
[Result "1-0"]
[WhiteElo "1857"]
[BlackElo "1664"]
[PlyCount "151"]
[EventDate "2011.04.02"]

1. Nf3 f5 2. g3 e6 3. d4 Nf6 4. Bg2 Bb4+ 5. Bd2 Qe7 6. a3 Bxd2+ 7. Nbxd2 d5 8.
O-O b6 9. Ne5 Bb7 10. c4 O-O 11. Re1 Nbd7 12. Nxd7 Qxd7 13. Rc1 c6 14. Nf3 Rac8
15. Ne5 Qe8 16. b4 Ne4 17. f3 Ng5 18. Qd2 Qe7 19. Rc2 Rfd8 20. Rec1 c5 21. bxc5
dxc4 22. cxb6 axb6 23. Rxc4 Rxc4 24. Rxc4 Nf7 25. Nxf7 Kxf7 26. Qc1 Rd7 27. e4
Qd8 28. exf5 exf5 29. Qf4 g6 30. h4 Qe7 31. Rb4 Rd6 32. Qe5 Qxe5 33. dxe5 Re6
34. f4 Bxg2 35. Kxg2 Rc6 36. a4 h5 37. Rb5 Rc2+ 38. Kh3 Ra2 39. Rxb6 Rxa4 40.
Rb7+ Kg8 41. Rb2 Re4 42. Kg2 Kf7 43. Kf3 Ke6 44. Rb3 Re1 45. Rb4 Ra1 46. Rb7
Ra3+ 47. Kg2 Ra2+ 48. Kh3 Re2 49. Rg7 Kd5 50. Rxg6 Ke4 51. Ra6 Kd5 52. Ra4 Ke6
53. Ra6+ Kd5 54. Rh6 Ke4 55. Rxh5 Kf3 56. Rxf5 Re1 57. Kh2 Re2+ 58. Kg1 Rg2+
59. Kf1 Ra2 60. Ke1 Ke3 61. Kd1 Kd3 62. Kc1 Kc3 63. Kb1 Kb3 64. Rf8 Rb2+ 65.
Kc1 Rc2+ 66. Kd1 Rg2 67. Rc8 Rxg3 68. Ke2 Rg4 69. Kf3 Rxh4 70. Kg3 Rh1 71. Kg4
Rg1+ 72. Kf5 Re1 73. Kf6 Kb4 74. f5 Kb5 75. e6 Kb6 76. e7 1-0